Class and Stratification: An Introduction to Current Debates (Record no. 6972)

MARC details
000 -LEADER
fixed length control field 00466nam a22001817a 4500
005 - DATE AND TIME OF LATEST TRANSACTION
control field 20210904111631.0
008 - FIXED-LENGTH DATA ELEMENTS--GENERAL INFORMATION
fixed length control field 200610b xxu||||| |||| 00| 0 eng d
020 ## - INTERNATIONAL STANDARD BOOK NUMBER
ISBN 74561793x
041 ## - LANGUAGE CODE
Language code of text/sound track or separate title eng
082 ## - DEWEY DECIMAL CLASSIFICATION NUMBER
Classification number 305.5 CRO
100 ## - MAIN ENTRY--AUTHOR NAME
Personal name CROMPTON ROSEMARY
245 ## - TITLE STATEMENT
Title Class and Stratification: An Introduction to Current Debates
250 ## - EDITION STATEMENT
Edition statement 2'nd
260 ## - PUBLICATION, DISTRIBUTION, ETC. (IMPRINT)
Place of publication CAMBRIGE,UK
Name of publisher POLITY PRESS
Year of publication 2004
300 ## - PHYSICAL DESCRIPTION
Number of Pages 255p.
650 ## - SUBJECT ADDED ENTRY--TOPICAL TERM
Topical Term SOCIOLOGY
942 ## - ADDED ENTRY ELEMENTS (KOHA)
Koha item type Books
Holdings
Lost status Damaged status Collection code Home library Current library Shelving location Date acquired Source of acquisition Cost, normal purchase price Full call number Accession Number Koha item type
    Reference JRU Library JRU Library SHELF-1-D 22/06/2020 PURCHASE 2695.00 305.5 CRO 24205 Books